000 00657nam a2200217Ia 4500
005 20241129104245.0
008 241129s9999||||xx |||||||||||||| ||und||
020 _a9789814722124
037 _aTextual
040 _aRTL
_beng
_cRTL
041 _aeng
_2eng
084 _aY:3(M95).49F Q7
_qRTL
100 _aWubin Zhuang
_9725473
245 0 _aPhotography in Southeast Asia: A survey
_cWubin Zhuang
260 _aSingapore
_bNational University of Singapore
_c2017
300 _axi,522p.
365 _aINR
_bRs.3343.60
650 _aPhotography- Southeast Asia
_9725474
942 _cTB
_hY:3(M95).49F Q7
999 _c1225095
_d1225095